LEADER 01040nam0-22002891i-450- 001 990007839030403321 005 20041215094121.0 035 $a000783903 035 $aFED01000783903 035 $a(Aleph)000783903FED01 035 $a000783903 100 $a20031119d1983----km-y0itay50------ba 101 0 $aita 102 $aIT 105 $ay-------001yy 200 1 $a<>infrazioni alle imposte indirette$esanzioni ed altre conseguenze$eimposta di registro, imposta sulle successioni e donazioni, imposte ipotecarie e catastali, imposta comunale sugli incrementi di valori immobili$fRolando Merlino$gin appendice: I decreti delegati del 1972 aggiornati al 30 aprile 1983 e le tariffe 210 $aMilano$cGiuffrè$d1983 215 $aIV, 589 p.$d25 cm 676 $a343$v21$zita 700 1$aMerlino,$bRolando$0112364 801 0$aIT$bUNINA$gRICA$2UNIMARC 901 $aBK 912 $a990007839030403321 952 $aH 504 (1)$bs.i.$fDSS 959 $aDSS 996 $aInfrazioni alle imposte indirette$963994 997 $aUNINA